MARC details
| 000 -LEADER |
| fixed length control field |
03014cam a2200421 i 4500 |
| 001 - CONTROL NUMBER |
| control field |
21605353 |
| 003 - CONTROL NUMBER IDENTIFIER |
| control field |
CSPC |
| 005 - DATE AND TIME OF LATEST TRANSACTION |
| control field |
20251202114754.0 |
| 008 - FIXED-LENGTH DATA ELEMENTS--GENERAL INFORMATION |
| fixed length control field |
200709s2022 nyua j b 001 0 eng |
| 010 ## - LIBRARY OF CONGRESS CONTROL NUMBER |
| LC control number |
2020031345 |
| 020 ## - INTERNATIONAL STANDARD BOOK NUMBER |
| International Standard Book Number |
9781265450090 |
| Qualifying information |
(paperback) |
| 040 ## - CATALOGING SOURCE |
| Original cataloging agency |
DLC |
| Language of cataloging |
eng |
| Description conventions |
rda |
| Transcribing agency |
DLC |
| Modifying agency |
CSPC |
| 042 ## - AUTHENTICATION CODE |
| Authentication code |
pcc |
| 050 00 - LIBRARY OF CONGRESS CALL NUMBER |
| Classification number |
HG4521 |
| Item number |
.B563 2021 |
| 082 00 - DEWEY DECIMAL CLASSIFICATION NUMBER |
| Classification number |
332.6 |
| Item number |
B632e |
| Edition number |
23 |
| 100 1# - MAIN ENTRY--PERSONAL NAME |
| Personal name |
Bodie, Zvi, |
| Relator term |
author. |
| 245 10 - TITLE STATEMENT |
| Title |
Essentials of investments / |
| Statement of responsibility, etc. |
Zvi Bodie, Alex Kane, and Alan J. Marcus. |
| 250 ## - EDITION STATEMENT |
| Edition statement |
Twelfth edition. |
| 264 #1 - PRODUCTION, PUBLICATION, DISTRIBUTION, MANUFACTURE, AND COPYRIGHT NOTICE |
| Place of production, publication, distribution, manufacture |
New York, NY : |
| Name of producer, publisher, distributor, manufacturer |
McGraw Hill LLC, |
| Date of production, publication, distribution, manufacture, or copyright notice |
2022. |
| 300 ## - PHYSICAL DESCRIPTION |
| Extent |
xxvi, 741 pages : |
| Other physical details |
color illustrations ; |
| Dimensions |
29 cm. |
| 336 ## - CONTENT TYPE |
| Content type term |
text |
| Content type code |
txt |
| Source |
rdacontent |
| 337 ## - MEDIA TYPE |
| Media type term |
unmediated |
| Media type code |
n |
| Source |
rdamedia |
| 338 ## - CARRIER TYPE |
| Carrier type term |
volume |
| Carrier type code |
nc |
| Source |
rdacarrier |
| 490 0# - SERIES STATEMENT |
| Series statement |
The McGraw Hill education series in finance, insurance, and real estate |
| 500 ## - GENERAL NOTE |
| General note |
Revised edition of the authors' Essentials of investments, [2019] |
| 504 ## - BIBLIOGRAPHY, ETC. NOTE |
| Bibliography, etc. note |
Includes bibliographical references and index. |
| 505 0# - FORMATTED CONTENTS NOTE |
| Formatted contents note |
Part 1. Elements of investments -- Investments: background and issues -- Asset classes and financial instruments -- Securities markets -- Mutual funds and other investment companies -- Part 2. Portfolio theory -- Risk, return, and the historical record -- Efficient diversification -- Capital asset pricing and arbitrage pricing theory -- The efficient market hypothesis -- Behavioral finance and technical analysis -- Part 3. Debt securities -- Bond prices and yields -- Managing bond portfolios -- Part 4. Security analysis -- Macroeconomic and industry analysis -- Equity valuation -- Financial statement analysis -- Part 5. Derivative markets -- Option markets -- Option valuation -- Futures markets and risk management -- Part 6 Active investment management -- Evaluating investment performance -- International diversification -- Hedge funds -- Taxes, inflation, and investment strategy -- Investors and the investment process. |
| 520 ## - SUMMARY, ETC. |
| Summary, etc. |
"Essentials of Investments, Twelfth Edition, is intended as a textbook on investment analysis most applicable for a student's first course in investments. The chapters are written in a modular format to give instructors the flexibility to either omit certain chapters or rearrange their order. The highlights in the margins describe updates and important features in this edition"-- |
| Assigning source |
Provided by publisher. |
| 521 ## - TARGET AUDIENCE NOTE |
| Target audience note |
Ages 18+ |
| Source |
McGraw-Hill LLC |
| 650 #0 - SUBJECT ADDED ENTRY--TOPICAL TERM |
| Topical term or geographic name entry element |
Investments. |
| 700 1# - ADDED ENTRY--PERSONAL NAME |
| Personal name |
Kane, Alex, |
| Dates associated with a name |
1942- |
| Relator term |
author. |
| 700 1# - ADDED ENTRY--PERSONAL NAME |
| Personal name |
Marcus, Alan J., |
| Relator term |
author. |
| 776 08 - ADDITIONAL PHYSICAL FORM ENTRY |
| Relationship information |
Online version: |
| Main entry heading |
Bodie, Zvi, |
| Title |
Essentials of investments |
| Edition |
12. |
| Place, publisher, and date of publication |
New York : McGraw-Hill LLC, 2021. |
| International Standard Book Number |
9781264140275 |
| Record control number |
(DLC) 2020031346 |
| 906 ## - LOCAL DATA ELEMENT F, LDF (RLIN) |
| a |
7 |
| b |
cbc |
| c |
orignew |
| d |
1 |
| e |
ecip |
| f |
20 |
| g |
y-gencatlg |
| 942 ## - ADDED ENTRY ELEMENTS (KOHA) |
| Source of classification or shelving scheme |
Dewey Decimal Classification |
| Koha item type |
Books |
| Edition |
23 |
| Classification part |
332.6 |
| Item part |
B632e |
| Call number prefix |
CIR |
| Call number suffix |
2022 |
| Suppress in OPAC |
No |